000
00273nam a2200121Ia 4500
008
190216s9999||||xx |||||||||||||| ||und||
100
_a
Cahalapathirao R
245
0
_a
Heat
260
_b
Commercial Literature Co
_c
1977
300
_a
268p
650
_a
Physics
942
_c
BK
999
_c
32858
_d
32858